Estatísticas para Times que participaram do Brasileirão desde 2003

Clique aqui para jogar o quiz

Estatísticas Gerais

  • Esse quiz foi jogado 614 vezes
  • A pontuação média é 37 de 43

Estatísticas das Respostas

Part.Time% Correto
18Flamengo
100%
17Atlético MG
99%
18Fluminense
99%
17Grêmio
99%
17Internacional
99%
18Santos
99%
18São Paulo
99%
15Vasco
99%
17Athletico PR
98%
16Botafogo
98%
17Corinthians
98%
17Cruzeiro
98%
16Palmeiras
97%
9Bahia
94%
13Coritiba
92%
5Fortaleza
92%
10Sport
92%
10Vitória
92%
5Ceará
91%
6Chapecoense
91%
13Goiás
90%
3América MG
88%
6Avaí
87%
9Ponte Preta
87%
5Juventude
85%
5Atlético Goianiense
84%
11Figueirense
84%
5Náutico
84%
2Santa Cruz
83%
4Criciúma
82%
3Guarani
82%
6Paraná
81%
3Portuguesa
76%
1Red Bull Bragantino
75%
1Joinville
74%
1CSA
72%
4São Caetano
68%
3Paysandu
67%
1América RN
65%
1Santo André
64%
1Brasiliense
60%
2Grêmio Barueri/Prudente
59%
1Ipatinga
53%

Distribuição das Pontuações

Percentil de Números Respondidos

Porcentagem de Pessoas com Cada Pontuação

Sua Pontuação Histórica

Você não jogou esse quiz